00291nam a22000857a 4500100002700000245009100027260004900118300000900167650002900176 aSamarathunga,L.M.D.D.K aA study to Develop Quality Control parameters for Ayurvedic Pharmaceutical preparation aColombobInstitute of Chemistry Ceylonc2012 a41 p aAyurvedic pharmaceutical